The Great Gatsby / Scott Fitzgerald

Novela trágica, se desarrolla en la ciudad ficticia West Egg en la década de 1920 y gira en torno a Jay Gatsby, un excéntrico millonario que a pesar de sus bienes y todas sus comodidades se siente insatisfecho en todos los ámbitos de su vida, sin embargo, un nuevo amor le cambiará su panorama, lo qu...

ver descrição completa

Na minha lista:
Detalhes bibliográficos
Autor principal: Fitzgerald, Scott
Formato: Livro
Idioma:English
Publicado em: Inglaterra Penguin Books 1984
Assuntos:
Tags: Adicionar Tag
Sem tags, seja o primeiro a adicionar uma tag!

MARC

LEADER 00000nam a2200000Ia 4500
008 170316s9999 xx 000 0 eng d
040 |a cru BVZT 
090 |a 810 F-11g 
100 |a Fitzgerald, Scott 
245 4 |a The Great Gatsby / Scott Fitzgerald 
260 |a Inglaterra  |b Penguin Books  |c 1984 
300 |a 172 páginas 
520 |a Novela trágica, se desarrolla en la ciudad ficticia West Egg en la década de 1920 y gira en torno a Jay Gatsby, un excéntrico millonario que a pesar de sus bienes y todas sus comodidades se siente insatisfecho en todos los ámbitos de su vida, sin embargo, un nuevo amor le cambiará su panorama, lo que origina que Gatsby se vea entrometido en más de un aprieto. La obra escrita en 1925 por Scott Fitzgerald, está ambientada en la época del contrabando de licor, la música jazz y el crimen organizado. 
650 |a LITERATURA ESTADOUNIDENSE  |9 25 
650 |a EN IDIOMA INGLÉS  |9 129 
650 |a NOVELA TRÁGICA  |9 13 
942 0 0 |0 2  |2 z  |c 15 D 
999 |c 5594  |d 5594